banner koha

Plano de manejo: Parque Nacional de Ubajara [Ceara, Brasil] (Registro n. 273130)

MARC details
000 -LÍDER
campo de controle de tamanho fixo 01154nac a22003497a 4500
001 - NÚMERO DE CONTROLE
campo de controle BR8107120
003 - IDENTIFICADOR DO NÚMERO DE CONTROLE
campo de controle BR-BrBNA
005 - DATA E HORÁRIO DA ÚLTIMA TRANSAÇÃO
campo de controle 20240105115120.0
008 - CAMPO DE DADOS FIXOS--INFORMAÇÃO GERAL
campo de controle de tamanho fixo 230509b bl.|||m| |||| 00| 0 por d
040 ## - FONTE DA CATALOGAÇÃO
Instituição da catalogação original BR-BrBNA
Idioma da catalogação por
Instituição que transcreveu o registro Biblioteca Nacional de Agricultura
072 ## - CÓDIGO DE CATEGORIA DE ASSUNTO
Código de Categoria de Assunto P20; K10
090 ## - NÚMERO DE CHAMADA LOCAL
Número de chamada P20 BR8107120
100 1# - ENTRADA PRINCIPAL--NOME PESSOAL
Nome pessoal Pimentel, A.P. de M.
100 1# - ENTRADA PRINCIPAL--NOME PESSOAL
Nome pessoal Quintao, A.T.B.
100 1# - ENTRADA PRINCIPAL--NOME PESSOAL
Nome pessoal Sa, L.F.S.N. de
100 1# - ENTRADA PRINCIPAL--NOME PESSOAL
Nome pessoal Beserra, M.M.L.
100 1# - ENTRADA PRINCIPAL--NOME PESSOAL
Nome pessoal Hansen, R.
110 1# - ENTRADA PRINCIPAL--NOME CORPORATIVO
Nome corporativo ou nome da jurisdição Instituto Brasileiro de Desenvolvimento Florestal, Brasilia, DF (Brasil);
9 (RLIN) 5727
110 1# - ENTRADA PRINCIPAL--NOME CORPORATIVO
Nome corporativo ou nome da jurisdição Fundacao Brasileira para a Conservacao da Natureza, Rio de Janeiro, RJ (Brasil)
9 (RLIN) 4785
245 1# - TÍTULO
Título Plano de manejo: Parque Nacional de Ubajara [Ceara, Brasil]
260 3# - PUBLICAÇÃO, DISTRIBUIÇÃO, ETC.
Local de publicação, distribuição, etc. Brasilia, DF (Brasil):
Data da publicação, distribuição, etc. 1981.
300 ## - DESCRIÇÃO FÍSICA
Extensão 145 p.
490 ## - TÍTULO DA SÉRIE
Título da série Documento Tecnico - Instituto Brasileiro de Desenvolvimento Florestal (Brazil)
Número do volume ou designação sequencial da série no. 7
ISSN - International Standard Serial Number
650 ## - ASSUNTO--TERMO TÓPICO
Cabeçalho tópico ou nome geográfico PARQUE NACIONAL
650 ## - ASSUNTO--TERMO TÓPICO
Cabeçalho tópico ou nome geográfico RECURSO FLORESTAL
650 ## - ASSUNTO--TERMO TÓPICO
Cabeçalho tópico ou nome geográfico MANEJO
650 ## - ASSUNTO--TERMO TÓPICO
Cabeçalho tópico ou nome geográfico CONSERVACAO
650 ## - ASSUNTO--TERMO TÓPICO
Cabeçalho tópico ou nome geográfico UBAJARA
650 ## - ASSUNTO--TERMO TÓPICO
Cabeçalho tópico ou nome geográfico CEARA
909 ## -
-- 202312
-- Lúcia Elande
-- 55
-- Lúcia Elande
942 ## - ELEMENTOS DE ENTRADA ADICIONADOS (KOHA)
Fonte da classificação ou esquema de arquivamento na estante Classificação AGRIS
Ocultar no OPAC Não
Tipo de material Koha Monografia Seriada
Exemplares
Situação do descarte Fonte da classificação ou esquema de arquivamento na estante Situação física Não pode ser emprestado Coleção Biblioteca de origem Biblioteca atual Localização na estante Total de empréstimos Número de telefone completo Código de barras Data de último acesso Tipo de material Koha Fonte de aquisição
  Classificação AGRIS       Biblioteca Nacional de Agricultura - Binagri Biblioteca Nacional de Agricultura - Binagri Agrobase - Acervo Geral   P20 BR8107120 P20 BR8107120 18/12/2023 Monografia Seriada Portaria Interministerial nº 164/94

BINAGRI

Telefone: (61)3218-2567/2388/3357/2097 - binagri@agro.gov.br

Ministério da Agricultura e Pecuária , Esplanada dos Ministérios, Bloco D, Anexo B, Brasília/DF, CEP: 70.043-900